The Top 10 Biggest Cities In Liechtenstein By Population - Statistics

General Stats
  • This quiz has been taken 11 times
  • The average score is 4 of 10
Answer Stats
Population City % Correct
2. 5,197 Vaduz
100%
1. 5,748 Schaan
70%
3. 4,701 Triesen
30%
4. 4,447 Triesen
30%
5. 4,008 Eschen
20%
9. 1,268 Gamprin
20%
10. 1,004 Gamprin
20%
6. 3,626 Mauren
20%
8. 1,862 Ruggell
20%
7. 2,689 Triesenberg
20%
No matching quizzes found
Score Distribution
Percent of People with Each Score
Percentile by Number Answered
Your Score History
You have not taken this quiz